El dolor
Guardado en:
| Autores principales: | , |
|---|---|
| Formato: | Libro |
| Lenguaje: | español |
| Publicado: |
Madrid
Studium de Cultura
1953
|
| Materias: | |
| Etiquetas: |
Agregar Etiqueta
Sin Etiquetas, Sea el primero en etiquetar este registro!
|
MARC
| LEADER | 00000nam a2200000 a 4500 | ||
|---|---|---|---|
| 001 | UCS8492 | ||
| 003 | CL-VaPUC | ||
| 008 | 971031e19530000SP |||||||||||||||||spa|d | ||
| 082 | 0 | 4 | |a 152.182 |b CHA |2 21 |
| 100 | 0 | |a Chauchard |e author |9 393348 | |
| 700 | 0 | |a Lhermite |e author |9 393349 | |
| 245 | 1 | 3 | |a El dolor |
| 300 | |a 157 p | ||
| 942 | |c BK | ||
| 945 | |d 19971031 00:00:00 |a aalvarez | ||
| 260 | |a Madrid |b Studium de Cultura |c 1953 | ||
| 650 | 0 | |a Dolor |9 313052 | |
| 650 | 7 | |a DOLOR ASPECTOS PSICOLOGICOS |2 CL-VaPUC |9 311991 | |
| 583 | |a last modification |c 19971031 00:00:00 |k Rodrigo Vera | ||
| 999 | |c 262885 |d 262883 | ||
| 952 | |0 0 |1 2 |4 0 |6 152_182000000000000_CHA_1953 |7 0 |8 A |9 291810 |a BIBTEO |b BIBTEO |d 2019-11-19 |i 202442K |o 152.182 CHA 1953 |p 202442K |r 2019-11-19 |w 2019-11-19 |x Descarte 2019 |y BK |k ICR | ||